=LDR 00000nam 2200000 4500 =001 NUTBA000000000002189 =005 20140607111458.0 =006 =007 =008 =020 ##$$a 978-602-00-0002-2 =035 ##$$a 0010-061400000000132 =082 ##$$a 2x3.1.hen =100 ##$$a cipta hening =245 ##$$a di dalam diri ada allah =260 ##$$a PT Elex media komputindo =300 ##$$a ix, 221 hlm $c 25 cm =990 ##$$a 21400613/BPAP-NTB/20142014